00432nam a2200193Ia 4500003000900000008004100009040001300050040001300063041000800076100002000084245002900104250002200133260002100155260000900176300001000185300001000195490002700205490000600232IT-RoPAU120407s9999 xx 000 0 und d aIT-RoPAU cIT-RoPAU aita aSilvano Sirboni aCosa sono i Sacaramenti? aCinisello Balsamo aEdizioni Paoline c1989 a85 p. c20 cm aInformazione cristiana v1